Deep-rooted conflict and the IRA cease-fire

Saved in:  
Bibliographic Details
Main Author: Dunnigan, John P. (Author)
Format: Print Book
Language:English
Published: Lanham, Md. [u.a.] University Press of America 1995
In:Year: 1995
Availability in Tübingen:Present in Tübingen.
UB: KB 19 A 4073
Check availability: HBZ Gateway
Subito Delivery Service: Order now.
Keywords:

MARC

LEADER 00000cam a2200000 c 4500
001 186170300
003 DE-627
005 20251222203705.0
007 tu
008 950719s1995 xxk||||| 00| ||eng c
010 |a  95-17933  
016 7 |a 0819199672  |2 UK 
020 |a 0819199672  |c  : No price (Gewebe)  |9 0-8191-9967-2 
020 |a 0819199680  |c  : No price (kart.)  |9 0-8191-9968-0 
035 |a (DE-627)186170300 
035 |a (DE-576)05181272X 
035 |a (DE-599)GBV186170300 
035 |a (OCoLC)832791370 
035 |a (OCoLC)32430094 
040 |a DE-627  |b ger  |c DE-627  |e rakwb 
041 |a eng 
044 |c XA-GB  |c XD-US 
050 0 |a DA990.U46 
082 0 |a 941.6082  |q LOC  |2 20 
084 |a 7,25  |2 ssgn 
084 |a 15.64  |2 bkl 
100 1 |a Dunnigan, John P.  |4 aut 
245 1 0 |a Deep-rooted conflict and the IRA cease-fire  |c John P. Dunnigan 
263 |a Gewebe : No price : Formerly CIP ; kart. : No price 
264 1 |a Lanham, Md. [u.a.]  |b University Press of America  |c 1995 
300 |a 112 S  |c 22 cm 
336 |a Text  |b txt  |2 rdacontent 
337 |a ohne Hilfsmittel zu benutzen  |b n  |2 rdamedia 
338 |a Band  |b nc  |2 rdacarrier 
500 |a Includes bibliographical references (p. [101]-106) and index 
505 8 |a Bibliography: p101-106. - Includes index 
583 1 |a Archivierung prüfen  |c 20200919  |f DE-640  |z 2  |2 pdager 
583 1 |a Archivierung/Langzeitarchivierung gewährleistet  |f SLG  |x XA-DE-BW  |z BfZ  |2 pdager  |5 DE-24 
583 1 |a Archivierung prüfen  |c 20240324  |f DE-4165  |z 1  |2 pdager 
610 1 0 |a Irish Republican Army  |x History 
650 0 |a Social Conflict  |z Northern Ireland  |x History  |y 20th century 
650 0 |a Peace Movements  |z Northern Ireland  |x History  |y 20th century 
650 0 |a Terrorism  |z Northern Ireland  |x History  |y 20th century 
650 0 |a Violence  |z Northern Ireland  |x History  |y 20th century 
650 0 |a Irish Republican Army 
650 0 |a Social Conflict  |x Northern Ireland  |x History  |x 20th century 
650 0 |a Peace Movements  |x Northern Ireland  |x History  |x 20th century 
650 0 |a Terrorism  |x Northern Ireland  |x History  |x 20th century 
650 0 |a Violence  |x Northern Ireland  |x History  |x 20th century 
650 0 |a Northern Ireland  |x History  |x 1969-1994 
650 0 |a Politics 
650 0 |a Northern Ireland 
651 0 |a Northern Ireland  |x History  |y 1968-1998 
689 0 0 |d s  |0 (DE-588)4224971-5  |0 (DE-627)104982667  |0 (DE-576)210302569  |a Nordirlandkonflikt  |2 gnd 
689 0 1 |d s  |0 (DE-588)4155429-2  |0 (DE-627)105515914  |0 (DE-576)209818883  |a Friedensbemühung  |2 gnd 
689 0 2 |d s  |0 (DE-588)4114266-4  |0 (DE-627)105823457  |0 (DE-576)209483202  |a Konfliktlösung  |2 gnd 
689 0 3 |a z  |2 gnd  |a Geschichte 1994 
689 0 |5 (DE-627) 
689 1 0 |d b  |0 (DE-588)2038353-8  |0 (DE-627)102641730  |0 (DE-576)191888478  |a Irish Republican Army  |2 gnd 
689 1 |5 (DE-627) 
935 |i Blocktest 
936 b k |a 15.64  |j Großbritannien  |j Irland  |x Geschichte  |0 (DE-627)181570386 
951 |a BO 
ELC |b 1 
LOK |0 000 xxxxxcx a22 zn 4500 
LOK |0 001 3117663762 
LOK |0 003 DE-627 
LOK |0 004 186170300 
LOK |0 005 19970905000000 
LOK |0 008 960503||||||||||||||||ger||||||| 
LOK |0 040   |a DE-21  |c DE-627  |d DE-21 
LOK |0 852   |a DE-21 
LOK |0 852 1  |c KB 19 A 4073  |9 00 
LOK |0 935   |a krim 
LOK |0 936ln  |a k10.2.3 
LOK |0 939   |a 03-05-96  |b l01 
ORI |a SA-MARC-krimdoka001.raw 
SIG |a UB: KB 19 A 4073 
TIM |a 100019940101_100019941231  |b Geschichte 1994